Modern naval combat (Record no. 14719)

MARC details
000 -LEADER
fixed length control field 00631nam a2200241 i 4500
001 - CONTROL NUMBER
control field C2-0081531
003 - CONTROL NUMBER IDENTIFIER
control field PPAK
005 - DATE AND TIME OF LATEST TRANSACTION
control field 20180727084525.0
008 - FIXED-LENGTH DATA ELEMENTS--GENERAL INFORMATION
fixed length control field 970429s1986 enka|||| ||||| | eng d
040 ## - CATALOGING SOURCE
Original cataloging agency PPAK
Language of cataloging eng
Transcribing agency PPAK
Description conventions rda
082 04 - DEWEY DECIMAL CLASSIFICATION NUMBER
Classification number 359
Edition number 23
090 00 - LOCALLY ASSIGNED LC-TYPE CALL NUMBER (OCLC); LOCAL CALL NUMBER (RLIN)
Classification number (OCLC) (R) ; Classification number, CALL (RLIN) (NR) 359
Feature heading MIL
Feature heading R
100 1# - MAIN ENTRY--PERSONAL NAME
Personal name Miller, David,
Relator term author
245 10 - TITLE STATEMENT
Title Modern naval combat
264 #1 - PRODUCTION, PUBLICATION, DISTRIBUTION, MANUFACTURE, AND COPYRIGHT NOTICE
Place of production, publication, distribution, manufacture London :
Name of producer, publisher, distributor, manufacturer Salamander Books ,
Date of production, publication, distribution, manufacture, or copyright notice 1986
300 ## - PHYSICAL DESCRIPTION
Extent 209 pages :
Other physical details colour illustrations ;
Dimensions 31 cm
336 ## - CONTENT TYPE
Source rdacontent
Content type term text
337 ## - MEDIA TYPE
Source rdamedia
Media type term unmediated
338 ## - CARRIER TYPE
Source rdacarrier
Carrier type term volume
650 10 - SUBJECT ADDED ENTRY--TOPICAL TERM
Topical term or geographic name entry element Warships
700 ## - ADDED ENTRY--PERSONAL NAME
Relator term author
942 ## - ADDED ENTRY ELEMENTS (KOHA)
-- dc
Koha item type Book
Holdings
Withdrawn Not for loan Current library Shelving location Date acquired Full call number Barcode Date last seen Koha item type Total Checkouts
  Not For Loan Perpustakaan Kulim Rujukan Dewasa 18/10/2005 R 359 MIL A00464650 18/04/2021 Book  
  Not For Loan Perpustakaan Langkawi Rujukan Dewasa 18/10/2005 R 359 MIL A00355190 08/05/2018 Book